| 000 | 01161nam a2200289 i 4500 | ||
|---|---|---|---|
| 003 | EG-ScBUE | ||
| 005 | 20240806100737.0 | ||
| 008 | 111129s1968 ua f 000 0 ara d | ||
| 040 |
_aEG-ScBUE _bara _erda _cEG-ScBUE _dEG-ScBUE |
||
| 043 |
_aa-is--- _aawba--- _aawgz--- _af-ua--- |
||
| 082 | 0 | 4 |
_222 _a956.04 _bم ا ك |
| 100 | 1 |
_927917 _aماكاي، جورج، _eمؤلف. |
|
| 245 | 1 | 0 |
_aحروب إسرائيل الثلاثة / _cبقلم جورج ماكاي، المحرر بمجلة أورساج فيلاج المصورة. |
| 264 | 1 |
_aالقاهرة : _bوزارة الإرشاد القومي، _c1968. |
|
| 300 |
_a276 صفحة ؛ _c24 سم. |
||
| 336 |
_2rdacontent _aنص _btxt |
||
| 337 |
_aبدون وسيط _2rdamedia _bn |
||
| 338 |
_aمجلد _bnc _2rdacarrier |
||
| 490 | 0 |
_a؛ كتب مترجمة _v691 |
|
| 650 | 7 |
_913399 _aالنزاع العربي الإسرائيلي. _2BUEsh |
|
| 650 | 7 |
_916117 _aحرب أكتوبر 1973م _zمصر. _2BUEsh |
|
| 650 | 7 |
_914956 _aحرب فلسطين 1948م _zمصر. _2BUEsh |
|
| 650 | 7 |
_916256 _aحرب يونيه 1967 _zمصر. _2BUEsh |
|
| 653 | _cNovember2011 | ||
| 655 | _vReading book | ||
| 942 |
_2ddc _cBB |
||
| 999 |
_c16269 _d16269 |
||